|
|
|
|
| LEADER |
00813cam a2200217 7i4500 |
| 001 |
0000024567 |
| 005 |
20100607090000.0 |
| 022 |
0 |
0 |
|a 1511-841X
|
| 090 |
0 |
0 |
|a M 910.202
|b VIS
|
| 245 |
0 |
0 |
|a Visitors' guide to Malaysia 2010.
|
| 250 |
0 |
0 |
|a 21st ed.
|
| 260 |
0 |
0 |
|a Kuala Lumpur:
|b Tourism Publications Corporation,
|c 2010.
|
| 300 |
# |
# |
|a 230 p.
|
| 650 |
0 |
0 |
|a Malaysia --
|x Description and travel
|
| 650 |
0 |
0 |
|a Malaysia --
|x Guidebooks
|
| 651 |
0 |
0 |
|a Malaysia
|
| 999 |
|
|
|a JHR000220H
|b Directories
|c Malaysia
|e MATRADE Southern Regional Office
|
| 999 |
|
|
|a PNG000927H
|b Directories
|c Malaysia
|e MATRADE Northern Regional Office
|
| 999 |
|
|
|a SBH000897H
|b Directories
|c Malaysia
|e MATRADE Sabah
|
| 999 |
|
|
|a SRW000324H
|b Directories
|c Malaysia
|e MATRADE Sarawak
|
| 999 |
|
|
|a TRG000209H
|b Directories
|c Malaysia
|e MATRADE Eastern Regional Office
|